000 00491nam a2200121Ia 4500
008 220620s9999||||xx |||||||||||||| ||und||
100 _aHaider, Jutta||Sundin, Olof
245 0 _aInvisible Search and Online Search Engines
_bThe Ubiquity of Search in Everyday Life
546 _aEnglish[eng]
650 _aLibrary and information services;IT, Internet and electronic resources in libraries
856 _uhttps://library.oapen.org/bitstream/20.500.12657/51256/1/9780429828027.pdf
942 _cEB
999 _c23277
_d23277